UM Logo

Introduction to literature (Record no. 12455)

MARC details
000 -LEADER
fixed length control field 00592nam a22001817a 4500
008 - FIXED-LENGTH DATA ELEMENTS--GENERAL INFORMATION
fixed length control field 190125b ||||| |||| 00| 0 eng d
020 ## - INTERNATIONAL STANDARD BOOK NUMBER
International Standard Book Number 971-707-013
082 ## - DEWEY DECIMAL CLASSIFICATION NUMBER
Edition number 1995
Classification number DFil.808.8
Item number T153
100 ## - MAIN ENTRY--PERSONAL NAME
Personal name Tan, Arsenia B.
9 (RLIN) 7804
245 ## - TITLE STATEMENT
Title Introduction to literature
Statement of responsibility, etc. Arsenia B. Tan
250 ## - EDITION STATEMENT
Edition statement 3rd Edition
260 ## - PUBLICATION, DISTRIBUTION, ETC. (IMPRINT)
Place of publication, distribution, etc. Manila:
Name of publisher, distributor, etc. Academic Publishing Corporation
Date of publication, distribution, etc. ©1995
300 ## - PHYSICAL DESCRIPTION
Extent ix, 152 pages ;
Dimensions 26 cm.
500 ## - GENERAL NOTE
General note Includes index.
505 ## - FORMATTED CONTENTS NOTE
Formatted contents note Poetry--Myths,fables,parables,legends--This short story--The drama
650 ## - SUBJECT ADDED ENTRY--TOPICAL TERM
Topical term or geographic name as entry element Literature
General subdivision collection
9 (RLIN) 35111
942 ## - ADDED ENTRY ELEMENTS (KOHA)
Source of classification or shelving scheme Dewey Decimal Classification
Koha item type Filipiniana
Holdings
Withdrawn status Lost status Source of classification or shelving scheme Damaged status Not for loan Collection code Home library Current library Date acquired Source of acquisition Total Checkouts Full call number Barcode Date last seen Copy number Price effective from Koha item type
    Dewey Decimal Classification     Filipiniana UM Digos College - LIC UM Digos College - LIC 08/09/2000 purchased   DFil.808.8 T153/1995 14340 05/15/2025 26 01/25/2019 Filipiniana
    Dewey Decimal Classification     Filipiniana UM Digos College - LIC UM Digos College - LIC 08/09/2000 purchased   DFil.808.8 T153/1995 14344 05/15/2025 6 01/25/2019 Filipiniana
    Dewey Decimal Classification     Filipiniana UM Digos College - LIC UM Digos College - LIC 08/09/2000 purchased   DFil.808.8 T153/1995 14339 05/15/2025   01/25/2019 Filipiniana
    Dewey Decimal Classification     Filipiniana UM Digos College - LIC UM Digos College - LIC 08/09/2000 purchased   DFil.808.8 T153/1995 14348 05/15/2025 10 01/25/2019 Filipiniana
    Dewey Decimal Classification     Filipiniana UM Digos College - LIC UM Digos College - LIC 08/09/2000 purchased   DFil.808.8 T153/1995 14347 05/15/2025 9 01/25/2019 Filipiniana
    Dewey Decimal Classification     Filipiniana UM Digos College - LIC UM Digos College - LIC 08/09/2000 purchased   DFil.808.8 T153/1995 14343 05/15/2025 5 01/25/2019 Filipiniana
    Dewey Decimal Classification     Filipiniana UM Digos College - LIC UM Digos College - LIC 08/09/2000 purchased   DFil.808.8 T153/1995 14350 05/15/2025 12 01/25/2019 Filipiniana
    Dewey Decimal Classification     Filipiniana UM Digos College - LIC UM Digos College - LIC 10/22/2020 Purchase   DFil.808.8 T153 1995 14346 05/15/2025 8 10/22/2020 Filipiniana